Planeación, ambiente y territorio : (Registro nro. 7382)

Detalles MARC
000 -CABECERA
Campo de control 01531nam a22003257a 4500
005 - FECHA Y HORA DE LA ULTIMA TRANSACCION
Campo de control 20130717110120.0
008 - ELEMENTOS DE LONGITUD FIJA—INFORMACION GENERAL
Campo de control 100514s2008 ck gr 100 0 spa d
015 ## - NATIONAL BIBLIOGRAPHY NUMBER
National bibliography number ck-2008-xxxx
020 ## - ISBN
ISBN 9789587142143
041 ## - IDIOMA
Código de idioma para texto/pista de sonido o título separado Español
043 ## - GEOGRAPHIC AREA CODE
Geographic area code s-ck---
044 ## - PAÍS DE PUBLICACIÓN
País de publicación Colombia
082 04 - NUMERO DE CLASIFICACION DECIMAL DEWEY
Número de clasificación 351.986126
Número del ítem G98p
111 2# - ASIENTO PRINCIPAL--NOMBRE DE REUNION
Nombre de reunión o de jurisdicción como elemento de entrada Seminario Medio Ambiente y Sociedad
Fecha de la reunión 2006 :
Lugar de la reunión Medellín).
245 10 - MENCION DE TITULO
Título Planeación, ambiente y territorio :
Parte restante del título actualidad, retos y perpectivas /
Mención de responsabilidad Seminario Medio Ambiente y Sociedad ; Ana Clara Torres Ribeiro ... [et al.].
250 ## - MENCION DE EDICION
Mención de edición Editores Académicos Alberto León Gutiérrez Tamayo, Liliana María Sánchez Mazo.
260 3# - PUBLICACION, DISTRIBUCION, ETC. (PIE DE IMPRENTA)
Lugar de publicación, distribución, etc. Medellín :
Nombre del editor, distribuidor, etc. Universidad de Antioquía,
Fecha de publicación, distribución, etc. 2008.
300 ## - DESCRIPCION FISICA
Extensión 126 p. ;
Dimensiones 25 cm.
504 ## - NOTA DE BIBLIOGRAFIA, ETC.
Nota de bibliografía Incluye referencias bibliográficas.
650 #6 - ASIENTO SECUNDARIO DE MATERIA - TERMINO TEMATICO
Término temático o nombre geográfico como elemento de entrada Planificación territorial
Subdivisión geográfica Antioquia (Colombia)
Subdivisión de forma Congresos, conferencias, etc.
650 ## - ASIENTO SECUNDARIO DE MATERIA - TERMINO TEMATICO
Término temático o nombre geográfico como elemento de entrada Control ambiental
Subdivisión geográfica Antioquia (Colombia)
Subdivisión de forma Congresos, conferencias, etc.
650 #6 - ASIENTO SECUNDARIO DE MATERIA - TERMINO TEMATICO
Término temático o nombre geográfico como elemento de entrada Gestión ambiental
Subdivisión geográfica Antioquia (Colombia)
Subdivisión de forma Congresos, conferencias, etc.
650 #6 - ASIENTO SECUNDARIO DE MATERIA - TERMINO TEMATICO
Término temático o nombre geográfico como elemento de entrada Medio ambiente
Subdivisión geográfica Antioquia (Colombia)
Subdivisión de forma Congresos, conferencias, etc.
700 1# - ASIENTO SECUNDARIO - NOMBRE PERSONAL
Nombre personal Torres Ribeiro, Ana Clara.
700 1# - ASIENTO SECUNDARIO - NOMBRE PERSONAL
Nombre personal Gutiérrez Tamayo, Alberto Leén,
Término de relación ed.
700 1# - ASIENTO SECUNDARIO - NOMBRE PERSONAL
Nombre personal Sánchez Mazo, Liliana María,
Término de relación ed.
710 1# - ASIENTO SECUNDARIO - NOMBRE CORPORATIVO
Nombre corporativo o de jurisdicción como elemento de entrada Universidad de Antioquia.
Unidad subordinada Facultad de Ciencias Sociales y Humanas.
-- Grupo de Investigación Medio Ambiente y Sociedad.
942 ## - ELEMENTOS ADICIONALES (KOHA)
Sistema de clasificación Dewey Decimal Classification
Tipo de ítem
949 ## - LOCAL PROCESSING INFORMATION (OCLC)
a
Existencias
Withdrawn status Lost status Sistema de Clasificación Damaged status No para préstamo Colección Inventariado Ubicación Permanente Ubicación actual Fecha de adquisición Fuente de Valor Valor Total Checkouts Número topográfico Inventario / Código de Barras Date last seen Ejemplar Price effective from Forma de adquisición Tipo de material
    Dewey Decimal Classification     General Inventariado 2017 Bogotá Bogotá 17/07/2013 Instituto 39000.00   LB-351.986126 G98p 028675 17/07/2013 Ej. 1 17/07/2013 Donación Libro
    Dewey Decimal Classification     General Inventariado 2017 Sala Fabio Quevedo Sala Fabio Quevedo 19/09/2016 Instituto 39000.00   LB-351.986126 G98p 040705 19/09/2016 Ej. 2 19/09/2016 Donación Libro